| 000 | 00831nam a22001937a 4500 | ||
|---|---|---|---|
| 999 |
_c2844 _d2844 |
||
| 003 | AR-CdUCM | ||
| 008 | 190305b ||||| |||| 00| 0 spa d | ||
| 040 |
_aMUNICIPALIDAD PROVINCIAL DEL CUSCO _cBIBLIOTECA MUNICIPAL DEL CUSCO |
||
| 082 |
_a338.98 / _bR93 |
||
| 100 |
_aRuibal Handabaka, Alberto _99865 |
||
| 245 |
_aCorredores interoceánicos suramericanos : _bcriterios logísticos de selección / |
||
| 260 |
_aLima : _bFimart, _c2006. |
||
| 300 |
_a717 páginas ; _c28 cm. |
||
| 505 | _aConceptualización de la logística comercial internacional enfocada al flujo de bienes por los corredores -- Geografía logística y del transporte sudamericano relacionada a los corredores... | ||
| 650 |
_aCorredores internacionales. _99866 |
||
| 650 |
_aEconomía internacional. _93982 |
||
| 942 |
_2ddc _cLIBROS |
||
| 945 |
_awfj _d2019-03-05 |
||